000 00537nam a2200157 a 4500
001 000045810
005 20240307073949.0
008 150515s1982 dr r 000 0 spa d
040 _aDO-SdBNP
_bspa
_cBNPHU
110 1 _aUniversidad Autónoma de Santo Domingo
_972951
245 1 0 _aResoluciones del consejo universitario año 1981.
260 _aSanto Domingo :
_bUASD,
_c1982.
300 _a233 p. ;
_c20 cm.
590 _aPerteneció a la biblioteca personal de Erick Landestoy
710 1 _aUniversidad Autónoma de Santo Domingo
_972951
999 _c45299
_d45299